000 00785nam a2200265Ia 4500
003 OSt
005 20220926000955.0
006 a|||||r|||| 00| 0
007 ta
008 220923b |||||||| |||| 00| 0 eng d
020 _a8173915547
037 _cGeneral Book
040 _aRTL
_cRTL
_beng
041 _2eng
_aeng
082 _aY49:582:(W:5).2.P, P3
100 _aIyer K Gopal Ed.
_9303280
245 0 _aMigrant labour and human rights in India
260 _a New Delhi
_bKanishka Publication India
_c2003
300 _axiv, 482p
_ccm.
500 _aBibliography chapterwise
650 _a Occupational Sociology
_9230967
650 _aWorking Class
942 _hY49:582:(W:5).2.P, P3
_cGB
_2CC
999 _c600144
_d600144